Responses for show #7654 - Thursday, December 14, 2017

Contestants

[<< previous game]

Brennan Summers, a food truck owner from Grand Rapids, Michigan

Craig Tollin, a professor from Roanoke, Virginia

Bryce Johnson, an analytics manager from Evanston, Illinois (whose 1-day cash winnings total $32,401)

[next game >>]

Jeopardy! Round responses

CAMP DAVID
SPORTS RECORD HOLDERS
WORLD FACTS
"M"MMM!
STEINBECK WORKS BY CHARACTERS
IT WAS SO COLD...
    $200 21
Eisenhower

Brennan
    $200 3
goals

Craig
    $200 12
the Caribbean

Brennan
    $200 2
mozzarella

Craig
    $200 26
The Grapes of Wrath

Bryce
    $200 1
(Alex: You don't like our writers' sense of humor?)
(Bryce: It was lovely.)

the thumb

Triple Stumper
    $400 22
golf carts

Bryce
    $400 4
Brett Favre

Brennan
    $400 13
Luxembourg

Craig
    $400 8
mocha

Bryce
    $400 27
Of Mice and Men

Craig
    $400 17
coal

Bryce
    $600 23
Egypt and Israel

Brennan
    $600 5
the Belmont

Craig
    $600 14
the Dead Sea

Craig
    $600 9
monkey bread

Brennan
    $600 28
East of Eden

Triple Stumper
    $600 18
(Craig: What are frogs?)

lobsters

BryceCraig
    $800 24
Reagan

Brennan
    $800 6
3-pointers

Brennan
    $1,000 15
Togo

Craig
    $800 10
a Monte Cristo

Bryce
    $800 29
The Red Pony

Triple Stumper
    $800 19
a garden gnome

Brennan
    $1000 25
G8

Bryce
    $1000 7
hit by pitch

Bryce
    $1000 16
(Craig: What is Islam?)

Greek Orthodox

BryceCraig
    $1000 11
a morel

Bryce
    $1000 30
Cannery Row

Triple Stumper
    $1000 20
the Amish

Brennan

Scores at the first commercial break (after clue 15):

Bryce Craig Brennan
$3,200 $3,000 $2,000

Scores at the end of the Jeopardy! Round:

Bryce Craig Brennan
$6,800 $1,800 $5,400

Double Jeopardy! Round responses

CAMP DAVID
JUST A SITAR
NEW EPONYMOUS ANIMALS
EXILED!
SOUNDS LIKE THE MOVIE'S SEQUEL
(Alex: Each response will begin with the letters "C-A-P."...)
ALL "CAP"s
    $400 16
David Livingstone

Craig
    $400 26
frets

Bryce
    $400 6
Schwarzenegger

Bryce
    $400 17
Florence

Triple Stumper
    $400 1
The Hangover

Bryce
    $400 11
Capricorn

Bryce
    $800 19
David Letterman

Craig
    $800 27
"Norwegian Wood"

Craig
    $4,600 7
lemurs

Bryce
    $800 18
the Dalai Lama

Brennan
    $800 2
Up in the Air

Bryce
    $800 12
capitulate

Bryce
    $1200 20
(David Foster) Wallace

Bryce
    $1200 28
Ravi Shankar

Brennan
    $1200 8
Ghostbusters

Bryce
    $5,000 23
Leviathan

Craig
    $1200 3
Whiplash

Bryce
    $1200 13
(Craig: What is decapitate?)
(Brennan: What is decapitated?)

capital

CraigBrennan
Triple Stumper
    $1600 21
David Farragut

Craig
    $1600 29
(Bryce: What are sympathetic strings?)

drone strings

BryceBrennan
    $1600 9
a turtle

Bryce
    $1600 24
Haiti

Craig
    $1600 4
Coming to America

Brennan
    $1600 14
capellini

Brennan
    $2000 22
David Hume

Craig
    $2000 30
raga

Bryce
    $2000 10
Anubis

Craig
    $2000 25
the Babylonian empire

Craig
    $2000 5
Get Out

Bryce
    $2000 15
capricious

Triple Stumper

Scores at the end of the Double Jeopardy! Round:

Bryce Craig Brennan
$22,200 $16,800 $11,000

[wagering suggestions for these scores]

Final Jeopardy! Round responses

AMERICANA
(Alex: [To Brennan] The Goodyear [*].)
BrennanWhat is a blimp?
$0
CraigWhat is a blimp
$5,201
BryceWhat is a tire?
$11,401
a blimp

Final scores:

Bryce Craig Brennan
$10,799 $22,001 $11,000
3rd place: $1,000 New champion: $22,001 2nd place: $2,000

Game dynamics:

Coryat scores:

Bryce Craig Brennan
$18,400 $12,800 $11,000
23 R
(including 1 DD),
1 W
16 R
(including 2 DDs),
3 W
14 R,
1 W

Combined Coryat: $42,200

The J! Archive is created by fans, for fans. The Jeopardy! game show and all elements thereof, including but not limited to copyright and trademark thereto, are the property of Jeopardy Productions, Inc. and are protected under law. This website is not affiliated with, sponsored by, or operated by Jeopardy Productions, Inc. Join the discussion at JBoard.tv.